00741 2200253 4500001002100000005001500021035002000036007000300056008004100059020001800100082001000118084001600128100003100144245008600175250001200261300004300273650002100316650002100337264004200358336002100400337003000421338002300451990001300474INLIS00000000111884720220527095233 a0010-0422000327ta220527 0 ind  a9786239186449 a340.1 a340.1 NOM f0 aNomensen SinamoePengarang1 aFilsafat Hukum :bDilengkapi dengan Materi Etika Profesi Hukum /cNomensen Sinamo aedisi 1 axii, 190 halaman :bilustrasi ;c21 cm 4aHukum - Filsafat 4aLaw - Philosophy aJakarta :bJala Permata Aksara,c2020 2rdacontentaTeks 2rdamediaaTanpa Perantara 2rdacarrieraVolume a21/01112